000 00465nam a2200157 i 4500
001 52958
003 ES-MaACL
005 20230906162657.0
007 t|
008 031001s1885 fr |||| | fre d
245 0 0 _aDomestiques et maîtres
_b: áa propos de quelques crimes recents /
_cpar un magistrat.
260 _aParis :
_b[s.n.],
_c1885 (
_fP. Dupont)
300 _aVII, 266 p. ;
_c19 cm.
650 4 _aCrimen y criminales.
_911417
852 _aES-MaACL
_jD-3185
999 _c52958
_d52958